000 01328nam a22002177a 4500
008 120716t xxu||||| |||| 00| 0 eng d
020 _a9780132335065
020 _a0132335069
050 _aT58.5.J47
100 _aJessup, Leonard M.
245 _aInformation systems today: managing in the digital world. /
_cLeonard M. Jessup, Joseph S. Valacich
250 _a3rd ed.
260 _aUpper Saddle River, New Jersey:
_bPearson,
_c2008.
300 _axxvi, 598 p.:
_bill.;
500 _aIncludes index.
505 _aContents: Managing in the digital world -- Fueling globalization through information systems -- Valuing information systems investments -- managing the information systems infrastructure -- Enabling commerce using the Internet -- Securing information systems -- Enhancing business intelligence using information systems -- Building organizational partnerships using enterprise information systems -- Developing information systems -- Managing information systems ethics and crime -- Technology briefings: Information systems hardware -- Information systems software -- Database management -- Networking -- The Internet and world wide web --
650 _aInformation technology.
650 _aInformation storage and retrieval systems - Business
700 _aValacich, Joseph S.
942 _2lcc
_cBK
999 _c7467
_d14967